Uraiyāciriyarkaḷ. (Record no. 83992)

MARC details
000 -LEADER
fixed length control field 00672cam a22002651 4500
001 - CONTROL NUMBER
control field sa 68011588
003 - CONTROL NUMBER IDENTIFIER
control field DLC
005 - DATE AND TIME OF LATEST TRANSACTION
control field 20260227112602.0
008 - FIXED-LENGTH DATA ELEMENTS--GENERAL INFORMATION
fixed length control field 890525s1968 ii b 000 0 tamo
010 ## - LIBRARY OF CONGRESS CONTROL NUMBER
LC control number sa 68011588
035 ## - SYSTEM CONTROL NUMBER
System control number (OCoLC)19765374
040 ## - CATALOGING SOURCE
Original cataloging agency DLC
Transcribing agency WaU
Modifying agency DLC
042 ## - AUTHENTICATION CODE
Authentication code premarc
043 ## - GEOGRAPHIC AREA CODE
Geographic area code a-ii---
050 00 - LIBRARY OF CONGRESS CALL NUMBER
Classification number PL4758.1
Item number .A7
100 1# - MAIN ENTRY--PERSONAL NAME
Personal name Aravindan, M. V.,
Dates associated with a name 1934-
245 10 - TITLE STATEMENT
Title Uraiyāciriyarkaḷ.
260 ## - PUBLICATION, DISTRIBUTION, ETC.
Date of publication, distribution, etc. [1968]
300 ## - PHYSICAL DESCRIPTION
Extent xxix, 643 p.
Dimensions 19 cm.
500 ## - GENERAL NOTE
General note In Tamil.
504 ## - BIBLIOGRAPHY, ETC. NOTE
Bibliography, etc. note Bibliographical footnotes.
650 #0 - SUBJECT ADDED ENTRY--TOPICAL TERM
Topical term or geographic name entry element Tamil literature
General subdivision History and criticism.
650 #0 - SUBJECT ADDED ENTRY--TOPICAL TERM
Topical term or geographic name entry element Authors, Tamil.
700 0# - ADDED ENTRY--PERSONAL NAME
Personal name Meyyappan S.

No items available.

Powered by Koha